Statistics for Word Scramble - Clothes

Click here to take the quiz!

General Stats

  • This quiz has been taken 131 times
  • The average score is 13 of 15

Answer Stats

HintAnswer% Correct
TSIHRShirt
100%
OCSKSock
96%
ESOHShoe
93%
APCCap
92%
THAHat
90%
STWAEIHSRTSweatshirt
90%
TISUSuit
87%
TOBOBoot
86%
RBABra
84%
RFCSAScarf
84%
CETKJAJacket
82%
TRISKSkirt
82%
CATOCoat
75%
ODIHOEHoodie
70%
JASENJeans
68%

Score Distribution

Percentile by Number Answered

Percent of People with Each Score

Your Score History

You have not taken this quiz